000 00816nam a2200229 u 4500
005 20240228064042.0
008 120830s2000 r 000 0 eng d
020 _a848980432X
035 _aUPN01000186409
049 _aI
050 4 _aPZ36.3
_bS3.6
100 1 _aSchnurre, Wolfdietrich,
_d1920-1989
_933083
245 1 3 _aLa princesa viene a las cuatro :
_buna historia de amor /
_cWolfdietrich Schnurre ; il. Rotraut Susanne Berner ; tr. por Eduardo Rodríguez.
260 _aSalamanca, Esp. :
_bLóguez,
_c2000.
300 _a[32] p. :
_bil. col.
534 _pTítulo original:
_tDie prinzessin kommt um vier
650 7 _aAnimales
_vLiteratura infantil
_2
_91061
650 0 _aAnimales
_vCuentos y leyendas
_9234
650 4 _aLibros y lectura para niños
_92290
905 _aInfantil
999 _c158512
_d158512